New encyclopedia Britannica. 30 V (Record no. 25265)
[ view plain ]
| 000 -LEADER | |
|---|---|
| fixed length control field | 00365nam a2200121Ia 4500 |
| 082 ## - DEWEY DECIMAL CLASSIFICATION NUMBER | |
| Classification number | 003 |
| Item number | BRI |
| 245 #0 - TITLE STATEMENT | |
| Title | New encyclopedia Britannica. 30 V |
| 250 ## - EDITION STATEMENT | |
| Edition statement | Ed.15 |
| 260 ## - PUBLICATION, DISTRIBUTION, ETC. (IMPRINT) | |
| Place of publication | London |
| Name of publisher | Encyclopedia Britannica |
| Year of publication | 1977 |
| 505 ## - FORMATTED CONTENTS NOTE | |
| Formatted contents note | Micropedia..10 v; Macropedia.. 19v;Propedia outline of knowledge..1 v. |
| 942 ## - ADDED ENTRY ELEMENTS (KOHA) | |
| Koha item type | Books |
| Withdrawn status | Lost status | Damaged status | Not for loan | Home library | Current library | Date acquired | Cost, normal purchase price | Full call number | Accession Number | Koha item type |
|---|---|---|---|---|---|---|---|---|---|---|
| RRII Library | RRII Library | 16/12/2021 | 6500.00 | 003 BRI | 05923 | Books |